The life cycle of a flower / (Record no. 457)

MARC details
000 -LEADER
fixed length control field 01164nam a22003137a 4500
005 - DATE AND TIME OF LATEST TRANSACTION
control field 20230425103719.0
020 ## - INTERNATIONAL STANDARD BOOK NUMBER
International Standard Book Number 0778706672 (rlb : alk. paper)
020 ## - INTERNATIONAL STANDARD BOOK NUMBER
International Standard Book Number 0778706974 (pb : alk. paper)
040 ## - CATALOGING SOURCE
Original cataloging agency DLC
Transcribing agency DLC
Modifying agency DLC
Language of cataloging eng
050 00 - LIBRARY OF CONGRESS CALL NUMBER
Classification number QK49
Item number .A45 2004
082 00 - DEWEY DECIMAL CLASSIFICATION NUMBER
Classification number 582.13
Edition number 22
100 1# - MAIN ENTRY--PERSONAL NAME
Personal name Aloian, Molly.
245 14 - TITLE STATEMENT
Title The life cycle of a flower /
Statement of responsibility, etc. Molly Aloian & Bobbie Kalman.
260 ## - PUBLICATION, DISTRIBUTION, ETC.
Place of publication, distribution, etc. New York :
Name of publisher, distributor, etc. Crabtree Pub. Co.,
Date of publication, distribution, etc. 2004.
300 ## - PHYSICAL DESCRIPTION
Extent 32 pages :
Other physical details color illustrations :
Dimensions 25 cm.
490 1# - SERIES STATEMENT
Series statement The life cycle series
500 ## - GENERAL NOTE
General note Includes index.
505 ## - FORMATTED CONTENTS NOTE
Formatted contents note Q
520 ## - SUMMARY, ETC.
Summary, etc. The Life Cycle of a Flower looks at the growth of a flowering plant from seed to the time it is a mature plant capable of producing new seeds. Delightful illustrations, stunning photographs and easy-to-read text help young readers.
521 ## - TARGET AUDIENCE NOTE
Target audience note 860 <br/>
Source Lexile
521 ## - TARGET AUDIENCE NOTE
Target audience note Q <br/>
Source Raz-Plus
650 #0 - SUBJECT ADDED ENTRY--TOPICAL TERM
Topical term or geographic name entry element Flowers
General subdivision Life cycles
Form subdivision Juvenile literature.
650 #1 - SUBJECT ADDED ENTRY--TOPICAL TERM
Topical term or geographic name entry element Flowers
General subdivision Life cycles.
700 1# - ADDED ENTRY--PERSONAL NAME
Personal name Kalman, Bobbie.
906 ## - LOCAL DATA ELEMENT F, LDF (RLIN)
a 7
b cbc
c orignew
d 1
e ecip
f 20
g y-gencatlg
942 ## - ADDED ENTRY ELEMENTS (KOHA)
Source of classification or shelving scheme Dewey Decimal Classification
Koha item type Books
Suppress in OPAC No
999 ## -
-- 457
-- 457
Holdings
Withdrawn status Lost status Source of classification or shelving scheme Damaged status Not for loan Collection Home library Current library Shelving location Date acquired Total Checkouts Full call number Barcode Date last seen Price effective from Koha item type
    Dewey Decimal Classification     Non-Fiction Footprints International School Library Network Toul Kork Campus Footprints International School Library Network Toul Kork Campus A TK Campus, 4th Floor, Room B401, Non-Fiction Bookcases(7-8) 04/25/2023   ALO 582.13 QK49.A45 FISTK00992 04/25/2023 04/25/2023 Books